Aspectos de prefactibilidad para el establecimiento del sistema de parques naturales internacionales de la Amazonia (Registro nro. 115)

Detalles MARC
000 -CABECERA
Campo de control 00772nam a2200229 a 4500
005 - FECHA Y HORA DE LA ULTIMA TRANSACCION
Campo de control 20200104041506.0
008 - ELEMENTOS DE LONGITUD FIJA—INFORMACION GENERAL
Campo de control 140114b1975 ck ||||| |||| 00| 0 spa d
040 ## - FUENTE DE CATALOGACIÓN
Agencia catalogadora original CO-BoIAVH
Agencia transcriptora CO-BoIAVH
041 ## - IDIOMA
Código de idioma para texto/pista de sonido o título separado Español
044 ## - PAÍS DE PUBLICACIÓN
País de publicación Colombia
090 ## - CLASIFICACIÓN LOCAL
Colección IND-I
Consecutivo 08
100 ## - ASIENTO PRINCIPAL--NOMBRE PERSONAL
Nombre personal Hernández Camacho, Jorge Ignacio
9 (RLIN) 3657
245 ## - MENCION DE TITULO
Título Aspectos de prefactibilidad para el establecimiento del sistema de parques naturales internacionales de la Amazonia
260 ## - PUBLICACION, DISTRIBUCION, ETC. (PIE DE IMPRENTA)
Lugar de publicación, distribución, etc. Leticia
Nombre del editor, distribuidor, etc. Inderena
Fecha de publicación, distribución, etc. 1975
300 ## - DESCRIPCION FISICA
Extensión 24 páginas
650 ## - ASIENTO SECUNDARIO DE MATERIA - TERMINO TEMATICO
Término temático o nombre geográfico como elemento de entrada Parques nacionales naturales
9 (RLIN) 88872
650 ## - ASIENTO SECUNDARIO DE MATERIA - TERMINO TEMATICO
Término temático o nombre geográfico como elemento de entrada Conservación de biodiversidad
9 (RLIN) 345
650 ## - ASIENTO SECUNDARIO DE MATERIA - TERMINO TEMATICO
Término temático o nombre geográfico como elemento de entrada Estudio de factibilidad
9 (RLIN) 3857
650 ## - ASIENTO SECUNDARIO DE MATERIA - TERMINO TEMATICO
Término temático o nombre geográfico como elemento de entrada Sistema de Parques Nacionales
9 (RLIN) 3858
700 ## - ASIENTO SECUNDARIO - NOMBRE PERSONAL
Nombre personal Rodríguez Guerrero, Pedro I.
9 (RLIN) 3859
942 ## - ELEMENTOS ADICIONALES (KOHA)
Tipo de ítem Informe Técnico
Sistema de clasificación Local
Existencias
Withdrawn status Lost status Sistema de Clasificación Damaged status No para préstamo Colección Ubicación Permanente Ubicación actual Fecha de adquisición Total Checkouts Número topográfico Inventario / Código de Barras Date last seen Ejemplar Price effective from Forma de adquisición Tipo de material
    Local     Fondo Inderena Bogotá Bogotá 22/12/1997   IND-I-08 000144 04/12/2012 Ej. 1 04/12/2012 Traslado Inderena Informe Técnico